000 00637nam a2200181Ia 4500
008 090123s9999 xx 000 0 und d
082 _b864
100 _aजॉर्ज गॅ. मॉन
245 _aविराट विश्वाची निर्मिती
250 _a1
300 _a129
600 _aजॉर्ज गॅ. मॉन
630 _aविराट विश्वाची निर्मिती
700 _aकर्वे चि. श्री.
700 _aजॉर्ज गॅ. मॉन
730 _aविराट विश्वाची निर्मिती
942 _cBOOK
999 _c38951
_d38951